000 00393nam a2200145Ia 4500
005 20260328104311.0
008 260328s9999||||xx |||||||||||||| ||und||
100 _aCos Pinto, Jesus de
245 0 _aFormas + Estructura :
_b la organización del Espacio Interior /
_cJesus de Cos Pinto
250 _a1a ed.
260 _bPromopress
300 _a175 p.
650 _aESTRUCTURA
942 _cBK
999 _c10952
_d10952